000 00649nam a2200241Ia 4500
003 OSt
005 20220925200010.0
006 a|||||r|||| 00| 0
007 ta
008 220923b |||||||| |||| 00| 0 eng d
020 _a0813332990
037 _cGeneral Book
040 _aRTL
_cRTL
_beng
041 _2eng
_aeng
082 _aA:(R), N8
100 _aDuran Jane
245 0 _aPhilosophies of science/feminist theories
260 _aColorade
_bWestview Press
_c1998
300 _axiv, 206p
_ccm.
650 _aScience irt Philosophy
_9245291
942 _hA:(R), N8
_cGB
_2CC
999 _c535052
_d535052